| 000 | 01123pam a2200277 a 4500 | ||
|---|---|---|---|
| 001 | 1654182 | ||
| 005 | 20241106152132.0 | ||
| 008 | 971001s1998 maua b 001 0 eng | ||
| 020 | _a0071093273 (core version : acidfree paper) | ||
| 020 | _a9780256252774 | ||
| 050 | 0 | 0 |
_aQA76.5 _b.H867 1998 |
| 082 | 0 | 0 |
_a004 _221 |
| 100 | 1 | _aHutchinson, Sarah E. | |
| 245 | 1 | 0 |
_aComputers, communications, and information : _ba user's introduction / _cSarah E. Hutchinson, Stacey C. Sawyer; with contributions by Glen J. Coulthard. |
| 250 | _aRev. ed. | ||
| 260 |
_aBoston : _bIrwin/McGraw-Hill, _cc1998. |
||
| 300 |
_axvi. (various pagings) : _bill. (some col.) ; _c28 cm. |
||
| 650 | 0 | _aComputers. | |
| 650 | 0 | _aInformation technology. | |
| 700 | 1 | _aSawyer, Stacey C. | |
| 700 | 1 | _aCoulthard, Glen J. | |
| 856 | 4 | 2 |
_3Publisher description _uhttp://www.loc.gov/catdir/description/mh023/97032174.html |
| 856 | 4 | 1 |
_3Table of contents _uhttp://www.loc.gov/catdir/toc/mh022/97032174.html |
| 856 | 4 | 2 |
_3Contributor biographical information _uhttp://www.loc.gov/catdir/enhancements/fy0707/97032174-b.html |
| 942 |
_2lcc _cBK _eRev. Ed. _n0 |
||
| 999 |
_c722 _d722 |
||